000 00427nam a22001697a 4500
005 20221215143439.0
008 221215b |||||||| |||| 00| 0 eng d
020 _a978-93-5596-428-1
041 _aeng
082 _a338.7-CHE-B
100 _aCHERUNILAM ,Dr. FRANCIS
_97343
245 _aBUSINESS ENVIRONMENT
250 _a30th ed.
260 _aMUMBAI
_bHIMALAYA PUBLISHING HOUSE
_c2022
300 _a752;P.
942 _cBK
999 _c8044
_d8042